000
00210nam a22000977a 4500
082
_a
894.812
_b
RAJ/M
100
_a
RAJAGURU, SAKTHIPARA
245
_a
MEGHVRITHA NAKSHATRAM
650
_a
MALAYALAM STORY
942
_c
BK
999
_c
7717
_d
7717